| 000 | 00418nam a22001697a 4500 | ||
|---|---|---|---|
| 005 | 20230620110835.0 | ||
| 008 | 230607b |||||||| |||| 00| 0 eng d | ||
| 020 | _a9788131799437 | ||
| 082 |
_a005.1 _bDAV-D |
||
| 100 | _aDave;Parag.H | ||
| 245 | _aDesign and Analysis Of Algorithms | ||
| 260 |
_aIndia _bPearson _c2019 |
||
| 300 | _a1073 | ||
| 650 | _aEngineering | ||
| 700 | _aPrag Himanshu Dave | ||
| 999 |
_c18636 _d18636 |
||